Forest resource management : (Record no. 12247)

000 -LEADER
fixed length control field 00538cam a2200193Ii 4500
020 ## - INTERNATIONAL STANDARD BOOK NUMBER
ISBN 0882460374
020 ## - INTERNATIONAL STANDARD BOOK NUMBER
ISBN 9780882460376
040 ## - CATALOGING SOURCE
Transcribing agency WTU
082 04 - DEWEY DECIMAL CLASSIFICATION NUMBER
Classification number 634 O.S 1975 A040 Or.
245 00 - TITLE STATEMENT
Title Forest resource management :
Remainder of title decision-making principles and cases /
250 ## - EDITION STATEMENT
Edition statement 1975 ed.
260 ## - PUBLICATION, DISTRIBUTION, ETC. (IMPRINT)
Place of publication Corvallis, Ore. :
Name of publisher O.S.U. Book Stores,
Year of publication 1975.
300 ## - PHYSICAL DESCRIPTION
Number of Pages 2 v. :
Other physical details ill. ;
Dimensions 24 cm.
650 #0 - SUBJECT ADDED ENTRY--TOPICAL TERM
Topical Term Forests and forestry.
650 #0 - SUBJECT ADDED ENTRY--TOPICAL TERM
Topical Term Forest management.
650 #0 - SUBJECT ADDED ENTRY--TOPICAL TERM
Topical Term Forest policy.
700 1# - ADDED ENTRY--PERSONAL NAME
Personal name Duerr, William A.
942 ## - ADDED ENTRY ELEMENTS (KOHA)
Koha item type សៀវភៅភាសាអង់គ្លេស
952 ## - LOCATION AND ITEM INFORMATION (KOHA)
Withdrawn status [LOCAL, KOHA] 0
Holdings
Permanent Location Date acquired Koha item type Lost status Shelving location Barcode Current Location Full call number
Library Block A2017-08-11សៀវភៅភាសាអង់គ្លេស A040A09183Library Block A634 O.S 1975 A040 Or.
មជ្ឈមណ្ឌលឯការនៃសាកលវិទ្យាល័យភូមិន្ទកសិកម្មចំការដូង

Powered by Koha